02011nam a2200433Ia 4500003000500000005001700005008004100022020003000063040002300093082001500116100007100131110003400202111004200236245011100278250001700389260004600406300005000452504006800502521001000570600007100580610003400651630002800685648002000713650006100733651002500794654006100819655003000880658004700910662003600957690003300993700007101026710003401097711004201131942003501173999001901208952009601227952012701323952012701450322820251201120828.0210816s9999 xx 000 0 und d a9780627 026140qPaperback aRDAc3228bENGLISH a371.2 MOLO a MOLOI, Kholeka Constance Pretoria, 2005 2nd ed 920822d2005. 9194153aVan Schaik Publishers 9178758aBible Society of South Africa 0aThe school as a learning organisation: breconceptualising school practices in South Africa c K.C. Moloi. a2nd Edition. a Pretoria:bVan Schaik Publishers,c2005. axvii, 124 PagesbColour illustrations:c25 cm a Includes bibliographical references (pages 103-107) and index. aAdult 0920822a MOLOI, Kholeka Constance Pretoria, 2005 2nd ed d2005. 09194153aVan Schaik Publishers 09174867aAlways learning 09185762aKabbala 09116399aSchool management and organizationzSouth Africa 09191368aSouth Africa 9116399aSchool management and organizationzSouth Africa 09181965aAdult Non-Fiction 9185185aSchool management and organization 9185187aSouth Africa (Pretoria) 9193396aKnowledge management 920822a MOLOI, Kholeka Constance Pretoria, 2005 2nd ed d2005. 9194153aVan Schaik Publishers 9178758aBible Society of South Africa cBOOK2ddcy559zNosiswe Mogale c108540d108539 00104070aMAFELbMAFELd2021-08-17g100.00l0p33228022627739r2021-08-17w2021-08-17yBK 00102ddc40708300aMKHULbMKHULcNon_Fictiond2025-12-01l0o371.2 MOLOp33228 02204110 5r2025-12-01w2025-12-01yBOOK 00102ddc40708300aMKHULbMKHULcNon_Fictiond2026-01-22l0o371.2 MOLOp33228 02204091 7r2026-01-22w2026-01-22yBOOK